Statistics for What type of element?

Click here to take the quiz!

General Stats

  • This quiz has been taken 7 times
  • The average score is 10 of 15

Answer Stats

QuestionAnswer% Correct
KryptonNoble Gas
100%
XeNoble Gas
100%
3Alkali Metal
83%
10Noble Gas
83%
FHalogen
83%
IronTransition Metal (NOT including lanthanides and actinides)
83%
OOther
83%
SrAlkaline Earth Metal
67%
80Transition Metal (NOT including lanthanides and actinides)
67%
67Other
50%
HafniumTransition Metal (NOT including lanthanides and actinides)
50%
IHalogen
50%
RadiumAlkaline Earth Metal
33%
37Alkali Metal
33%
ThalliumOther
17%

Score Distribution

Percentile by Number Answered

Percent of People with Each Score

Your Score History

You have not taken this quiz